000 03377nam0a2200445 4500
001 RU\NLR\BIBL_A\016356022
005 20230605131129.0
010 _a978-5-91692-962-1
_9501
021 _aRU
_bКН-П-23-019301
_9КН-П-23-1919
035 _a(NLR Aleph) 016356022
035 _a(RuMoRGB)011677639
090 _a13136000
_c13136000
100 _a20230426d2022 k y0rusy50 ca
101 0 _aady
_acau
_deng
102 _aRU
105 _aac||z|||100zy
181 0 _ai
_baxxe
182 0 _an
200 1 _aСохранение и развитие национального языка в условиях глобализации: современные методы и технологии
_eматериалы IV Международной научно-методологической конференции, проведенной в рамках Международного десятилетия языков коренных народов (Майкоп, 16-17 марта 2022 г.)
_fМинистерство образования и науки Республики Адыгея, Адыгейский республиканский институт гуманитарных исследований имени Т. М. Керашева, Отдел языка
_gредактор-составитель: Анчек Сурет Хазретовна - доктор филологических наук
_gглавный редактор: Тлеуж Адам Хусейнович - доктор философских наук, профессор
203 _aТекст
_bвизуальный
_cнепосредственный
210 _aМайкоп
_cМагарин О. Г.
_d2022
215 _a191 с.
_cил., цв. ил., портр.
_d29
300 _aТекст рус., адыг., др. яз. кавк. группы
300 _aРез. англ.
320 _aБиблиогр. в конце докл.
606 1 _aЯзыковая политика
_yРоссийская Федерация
_jСъезды, совещания и т.п
_2nlr_sh2
_3RU\NLR\AUTH\661315691
606 1 _aАбхазо-адыгские языки
_jСъезды, совещания и т.п
_2nlr_sh2
_3RU\NLR\AUTH\6612296
606 1 _aНахско-дагестанские языки
_jСъезды, совещания и т.п
_2nlr_sh2
_3RU\NLR\AUTH\66513650
675 _a81(082)
_v4
686 1 _aШ121(2)я431
686 1 _aШ160.2я431
686 1 _aШ160.3я431
702 1 _aХуаде-Анчек
_bС. Х.
_gСурет Хазретовна
_3RU\NLR\AUTH\7717321
_4220
702 1 _aТлеуж
_bА. Х.
_gАдам Хусейнович
_4340
711 1 2 _a"Сохранение и развитие национального языка в условиях глобализации: современные методы и технологии", международная научно-методологическая конференция
_d4
_f2022
_eМайкоп
_3RU\NLR\AUTH\880591231
712 0 2 _aАдыгейский республиканский институт гуманитарных исследований им. Т. М. Керашева
_cМайкоп
_bОтдел языка
_3RU\NLR\AUTH\880561723
_4557
942 _cBOOK
980 _aNB